Loading...
| Fine Arts - Painting and Sculpture | 0 | 5 | 1 | 1 | 45 | 70 | 89.20 | 1 | 2 | 0.00 | 0.00 |
| History - Other | 0 | 4 | 0 | 1 | 40 | 36 | 96.50 | 0 | 1 | 0.00 | 0.00 |
| Religion | 0 | 4 | 0 | 1 | 40 | 66 | 98.00 | 0 | 3 | 0.00 | 0.00 |
| Other Academic | 0 | 3 | 0 | 0 | 30 | 16 | 69.33 | 1 | 1 | 0.00 | 0.00 |
| Social Science | 0 | 3 | 1 | 0 | 25 | 53 | 76.67 | 1 | 2 | 0.00 | 0.00 |
| Mythology | 0 | 3 | 1 | 0 | 25 | 35 | 74.00 | 0 | 1 | 0.00 | 0.00 |
| History - European | 0 | 2 | 0 | 1 | 20 | 88 | 109.50 | 0 | 0 | 0.00 | 0.00 |
| Literature - British | 0 | 1 | 0 | 0 | 10 | 64 | 64.00 | 0 | 1 | 0.00 | 0.00 |
| Fine Arts - Classical Music | 0 | 1 | 0 | 0 | 10 | 87 | 87.00 | 0 | 0 | 0.00 | 0.00 |
| History - American | 0 | 2 | 2 | 0 | 10 | 49 | 56.00 | 0 | 1 | 0.00 | 0.00 |
| History - World | 0 | 1 | 0 | 0 | 10 | 87 | 87.00 | 0 | 0 | 0.00 | 0.00 |
| Geography | 0 | 1 | 0 | 0 | 10 | 92 | 92.00 | 0 | 0 | 0.00 | 0.00 |
| Science - Other | 0 | 1 | 0 | 1 | 10 | 118 | 118.00 | 0 | 1 | 0.00 | 0.00 |
| Philosophy | 0 | 1 | 1 | 0 | 5 | 97 | 97.00 | 0 | 0 | 0.00 | 0.00 |
| Science - Physics | 0 | 0 | 2 | 0 | -10 | 0.00 | 0 | 0 | 0.00 | 0.00 | |
| Science - Biology | 0 | 0 | 2 | 0 | -10 | 0.00 | 0 | 0 | 0.00 | 0.00 |